Estadísticas para Matematica Rápida - División

Haz click aquí para intentar la prueba.

Estadísticas generales

  • Esta prueba ha sido intentada 1.959 veces
  • La puntuación promedio es 13 de 20

Estadísticas de respuestas

problemasolución% Correcto
10 ÷ 101
100%
48 ÷ 481
100%
24 ÷ 241
100%
43 ÷ 431
100%
23 ÷ 231
100%
45 ÷ 451
100%
22 ÷ 221
100%
46 ÷ 461
100%
20 ÷ 201
100%
25 ÷ 251
100%
11 ÷ 111
100%
18 ÷ 181
100%
15 ÷ 151
100%
14 ÷ 141
100%
7 ÷ 71
100%
13 ÷ 131
100%
41 ÷ 411
100%
9 ÷ 91
100%
12 ÷ 121
100%
33 ÷ 331
100%
34 ÷ 341
100%
29 ÷ 291
100%
35 ÷ 351
100%
36 ÷ 361
100%
38 ÷ 381
100%
37 ÷ 371
100%
39 ÷ 391
100%
100 ÷ 1010
100%
130 ÷ 1310
100%
60 ÷ 610
100%
190 ÷ 1910
100%
140 ÷ 1410
100%
30 ÷ 310
100%
150 ÷ 1510
100%
170 ÷ 1710
100%
320 ÷ 3210
100%
70 ÷ 710
100%
120 ÷ 1210
100%
500 ÷ 5010
100%
50 ÷ 510
100%
110 ÷ 1110
100%
490 ÷ 4910
100%
380 ÷ 3810
100%
20 ÷ 210
100%
420 ÷ 4210
100%
40 ÷ 410
100%
290 ÷ 2910
100%
430 ÷ 4310
100%
230 ÷ 2310
100%
480 ÷ 4810
100%
80 ÷ 810
100%
220 ÷ 2210
100%
400 ÷ 4100
100%
404 ÷ 4101
100%
505 ÷ 5101
100%
204 ÷ 2102
100%
510 ÷ 5102
100%
408 ÷ 4102
100%
206 ÷ 2103
100%
208 ÷ 2104
100%
312 ÷ 3104
100%
315 ÷ 3105
100%
210 ÷ 2105
100%
428 ÷ 4107
100%
321 ÷ 3107
100%
436 ÷ 4109
100%
218 ÷ 2109
100%
545 ÷ 5109
100%
327 ÷ 3109
100%
99 ÷ 911
100%
143 ÷ 1311
100%
341 ÷ 3111
100%
231 ÷ 2111
100%
506 ÷ 4611
100%
297 ÷ 2711
100%
286 ÷ 2611
100%
165 ÷ 1511
100%
33 ÷ 311
100%
22 ÷ 211
100%
330 ÷ 3011
100%
440 ÷ 4011
100%
110 ÷ 1011
100%
88 ÷ 811
100%
352 ÷ 3211
100%
330 ÷ 3110
100%
220 ÷ 2110
100%
550 ÷ 5110
100%
222 ÷ 2111
100%
444 ÷ 4111
100%
333 ÷ 3111
100%
448 ÷ 4112
100%
336 ÷ 3112
100%
224 ÷ 2112
100%
560 ÷ 5112
100%
452 ÷ 4113
100%
226 ÷ 2113
100%
228 ÷ 2114
100%
230 ÷ 2115
100%
348 ÷ 3116
100%
444 ÷ 3712
100%
576 ÷ 4812
100%
132 ÷ 1112
100%
456 ÷ 3812
100%
36 ÷ 312
100%
240 ÷ 2012
100%
348 ÷ 2912
100%
168 ÷ 1412
100%
24 ÷ 212
100%
336 ÷ 2812
100%
264 ÷ 2212
100%
144 ÷ 1212
100%
504 ÷ 4212
100%
300 ÷ 2512
100%
72 ÷ 612
100%
180 ÷ 1512
100%
396 ÷ 3312
100%
60 ÷ 512
100%
240 ÷ 2120
100%
600 ÷ 5120
100%
480 ÷ 4120
100%
484 ÷ 4121
100%
242 ÷ 2121
100%
244 ÷ 2122
100%
375 ÷ 3125
100%
254 ÷ 2127
100%
387 ÷ 3129
100%
455 ÷ 3513
100%
156 ÷ 1213
100%
52 ÷ 413
100%
273 ÷ 2113
100%
260 ÷ 2013
100%
429 ÷ 3313
100%
65 ÷ 513
100%
533 ÷ 4113
100%
91 ÷ 713
100%
78 ÷ 613
100%
169 ÷ 1313
100%
416 ÷ 3213
100%
182 ÷ 1413
100%
39 ÷ 313
100%
286 ÷ 2213
100%
130 ÷ 1013
100%
390 ÷ 3130
100%
520 ÷ 4130
100%
260 ÷ 2130
100%
262 ÷ 2131
100%
396 ÷ 3132
100%
399 ÷ 3133
100%
266 ÷ 2133
100%
268 ÷ 2134
100%
402 ÷ 3134
100%
270 ÷ 2135
100%
408 ÷ 3136
100%
544 ÷ 4136
100%
276 ÷ 2138
100%
278 ÷ 2139
100%
434 ÷ 3114
100%
154 ÷ 1114
100%
56 ÷ 414
100%
378 ÷ 2714
100%
112 ÷ 814
100%
308 ÷ 2214
100%
70 ÷ 514
100%
140 ÷ 1014
100%
210 ÷ 1514
100%
280 ÷ 2140
100%
282 ÷ 2141
100%
423 ÷ 3141
100%
284 ÷ 2142
100%
288 ÷ 2144
100%
580 ÷ 4145
100%
435 ÷ 3145
100%
292 ÷ 2146
100%
441 ÷ 3147
100%
444 ÷ 3148
100%
596 ÷ 4149
100%
330 ÷ 2215
100%
150 ÷ 1015
100%
165 ÷ 1115
100%
435 ÷ 2915
100%
555 ÷ 3715
100%
30 ÷ 215
100%
390 ÷ 2615
100%
465 ÷ 3115
100%
495 ÷ 3315
100%
600 ÷ 4015
100%
210 ÷ 1415
100%
405 ÷ 2715
100%
90 ÷ 615
100%
525 ÷ 3515
100%
360 ÷ 2415
100%
300 ÷ 2150
100%
450 ÷ 3150
100%
453 ÷ 3151
100%
304 ÷ 2152
100%
456 ÷ 3152
100%
306 ÷ 2153
100%
308 ÷ 2154
100%
310 ÷ 2155
100%
312 ÷ 2156
100%
314 ÷ 2157
100%
32 ÷ 216
100%
320 ÷ 2016
100%
240 ÷ 1516
100%
400 ÷ 2516
100%
512 ÷ 3216
100%
480 ÷ 3016
100%
160 ÷ 1016
100%
112 ÷ 716
100%
192 ÷ 1216
100%
322 ÷ 2161
100%
486 ÷ 3162
100%
326 ÷ 2163
100%
328 ÷ 2164
100%
492 ÷ 3164
100%
334 ÷ 2167
100%
336 ÷ 2168
100%
507 ÷ 3169
100%
85 ÷ 517
100%
51 ÷ 317
100%
255 ÷ 1517
100%
170 ÷ 1017
100%
340 ÷ 2170
100%
342 ÷ 2171
100%
516 ÷ 3172
100%
344 ÷ 2172
100%
346 ÷ 2173
100%
350 ÷ 2175
100%
352 ÷ 2176
100%
356 ÷ 2178
100%
358 ÷ 2179
100%
180 ÷ 1018
100%
270 ÷ 1518
100%
126 ÷ 718
100%
90 ÷ 518
100%
72 ÷ 418
100%
450 ÷ 2518
100%
324 ÷ 1818
100%
522 ÷ 2918
100%
108 ÷ 618
100%
360 ÷ 2180
100%
362 ÷ 2181
100%
374 ÷ 2187
100%
376 ÷ 2188
100%
378 ÷ 2189
100%
399 ÷ 2119
100%
304 ÷ 1619
100%
285 ÷ 1519
100%
437 ÷ 2319
100%
456 ÷ 2419
100%
266 ÷ 1419
100%
380 ÷ 2190
100%
388 ÷ 2194
100%
582 ÷ 3194
100%
597 ÷ 3199
100%
18 ÷ 92
100%
24 ÷ 122
100%
22 ÷ 112
100%
70 ÷ 352
100%
32 ÷ 162
100%
38 ÷ 192
100%
96 ÷ 482
100%
84 ÷ 422
100%
42 ÷ 212
100%
66 ÷ 332
100%
82 ÷ 412
100%
40 ÷ 202
100%
62 ÷ 312
100%
30 ÷ 152
100%
4 ÷ 22
100%
54 ÷ 272
100%
88 ÷ 442
100%
20 ÷ 102
100%
44 ÷ 222
100%
56 ÷ 282
100%
76 ÷ 382
100%
36 ÷ 182
100%
320 ÷ 1620
100%
40 ÷ 220
100%
400 ÷ 2020
100%
340 ÷ 1720
100%
300 ÷ 1520
100%
380 ÷ 1920
100%
220 ÷ 1120
100%
180 ÷ 920
100%
60 ÷ 320
100%
460 ÷ 2320
100%
540 ÷ 2720
100%
440 ÷ 2220
100%
80 ÷ 420
100%
200 ÷ 1020
100%
400 ÷ 2200
100%
408 ÷ 2204
100%
410 ÷ 2205
100%
414 ÷ 2207
100%
418 ÷ 2209
100%
420 ÷ 2021
100%
63 ÷ 321
100%
42 ÷ 221
100%
84 ÷ 421
100%
399 ÷ 1921
100%
567 ÷ 2721
100%
210 ÷ 1021
100%
168 ÷ 821
100%
525 ÷ 2521
100%
424 ÷ 2212
100%
426 ÷ 2213
100%
432 ÷ 2216
100%
434 ÷ 2217
100%
438 ÷ 2219
100%
66 ÷ 322
100%
396 ÷ 1822
100%
550 ÷ 2522
100%
572 ÷ 2622
100%
418 ÷ 1922
100%
220 ÷ 1022
100%
528 ÷ 2422
100%
462 ÷ 2122
100%
88 ÷ 422
100%
198 ÷ 922
100%
44 ÷ 222
100%
440 ÷ 2022
100%
440 ÷ 2220
100%
442 ÷ 2221
100%
448 ÷ 2224
100%
450 ÷ 2225
100%
452 ÷ 2226
100%
454 ÷ 2227
100%
46 ÷ 223
100%
115 ÷ 523
100%
69 ÷ 323
100%
299 ÷ 1323
100%
276 ÷ 1223
100%
464 ÷ 2232
100%
468 ÷ 2234
100%
576 ÷ 2424
100%
144 ÷ 624
100%
48 ÷ 224
100%
480 ÷ 2024
100%
504 ÷ 2124
100%
168 ÷ 724
100%
240 ÷ 1024
100%
482 ÷ 2241
100%
486 ÷ 2243
100%
488 ÷ 2244
100%
498 ÷ 2249
100%
150 ÷ 625
100%
75 ÷ 325
100%
125 ÷ 525
100%
200 ÷ 825
100%
175 ÷ 725
100%
500 ÷ 2025
100%
225 ÷ 925
100%
50 ÷ 225
100%
500 ÷ 2250
100%
504 ÷ 2252
100%
510 ÷ 2255
100%
512 ÷ 2256
100%
518 ÷ 2259
100%
130 ÷ 526
100%
546 ÷ 2126
100%
156 ÷ 626
100%
78 ÷ 326
100%
234 ÷ 926
100%
494 ÷ 1926
100%
520 ÷ 2026
100%
208 ÷ 826
100%
338 ÷ 1326
100%
528 ÷ 2264
100%
530 ÷ 2265
100%
532 ÷ 2266
100%
534 ÷ 2267
100%
189 ÷ 727
100%
216 ÷ 827
100%
81 ÷ 327
100%
459 ÷ 1727
100%
513 ÷ 1927
100%
550 ÷ 2275
100%
552 ÷ 2276
100%
558 ÷ 2279
100%
224 ÷ 828
100%
280 ÷ 1028
100%
588 ÷ 2128
100%
364 ÷ 1328
100%
562 ÷ 2281
100%
564 ÷ 2282
100%
566 ÷ 2283
100%
570 ÷ 2285
100%
572 ÷ 2286
100%
435 ÷ 1529
100%
116 ÷ 429
100%
290 ÷ 1029
100%
87 ÷ 329
100%
58 ÷ 229
100%
319 ÷ 1129
100%
580 ÷ 2290
100%
586 ÷ 2293
100%
592 ÷ 2296
100%
596 ÷ 2298
100%
598 ÷ 2299
100%
60 ÷ 203
100%
120 ÷ 403
100%
129 ÷ 433
100%
75 ÷ 253
100%
99 ÷ 333
100%
39 ÷ 133
100%
102 ÷ 343
100%
135 ÷ 453
100%
141 ÷ 473
100%
6 ÷ 23
100%
105 ÷ 353
100%
63 ÷ 213
100%
72 ÷ 243
100%
30 ÷ 103
100%
9 ÷ 33
100%
66 ÷ 223
100%
36 ÷ 123
100%
48 ÷ 163
100%
33 ÷ 113
100%
69 ÷ 233
100%
57 ÷ 193
100%
54 ÷ 183
100%
420 ÷ 1430
100%
450 ÷ 1530
100%
180 ÷ 630
100%
150 ÷ 530
100%
600 ÷ 2030
100%
120 ÷ 430
100%
480 ÷ 1630
100%
390 ÷ 1330
100%
341 ÷ 1131
100%
93 ÷ 331
100%
248 ÷ 831
100%
186 ÷ 631
100%
310 ÷ 1031
100%
155 ÷ 531
100%
128 ÷ 432
100%
352 ÷ 1132
100%
160 ÷ 532
100%
96 ÷ 332
100%
480 ÷ 1532
100%
192 ÷ 632
100%
297 ÷ 933
100%
132 ÷ 433
100%
99 ÷ 333
100%
330 ÷ 1033
100%
264 ÷ 833
100%
231 ÷ 733
100%
198 ÷ 633
100%
340 ÷ 1034
100%
374 ÷ 1134
100%
70 ÷ 235
100%
288 ÷ 836
100%
360 ÷ 1036
100%
396 ÷ 1136
100%
432 ÷ 1236
100%
324 ÷ 936
100%
108 ÷ 336
100%
252 ÷ 736
100%
216 ÷ 636
100%
504 ÷ 1436
100%
180 ÷ 536
100%
407 ÷ 1137
100%
370 ÷ 1037
100%
74 ÷ 237
100%
185 ÷ 537
100%
380 ÷ 1038
100%
156 ÷ 439
100%
78 ÷ 239
100%
234 ÷ 639
100%
273 ÷ 739
100%
28 ÷ 74
100%
44 ÷ 114
100%
32 ÷ 84
100%
8 ÷ 24
100%
12 ÷ 34
100%
56 ÷ 144
100%
52 ÷ 134
100%
80 ÷ 204
100%
20 ÷ 54
100%
84 ÷ 214
100%
16 ÷ 44
100%
40 ÷ 104
100%
180 ÷ 454
100%
64 ÷ 164
100%
72 ÷ 184
100%
196 ÷ 494
100%
120 ÷ 304
100%
36 ÷ 94
100%
24 ÷ 64
100%
60 ÷ 154
100%
76 ÷ 194
100%
112 ÷ 284
100%
108 ÷ 274
100%
88 ÷ 224
100%
120 ÷ 340
100%
80 ÷ 240
100%
400 ÷ 1040
100%
320 ÷ 840
100%
480 ÷ 1240
100%
200 ÷ 540
100%
280 ÷ 740
100%
160 ÷ 440
100%
560 ÷ 1440
100%
369 ÷ 941
100%
492 ÷ 1241
100%
164 ÷ 441
100%
82 ÷ 241
100%
246 ÷ 641
100%
287 ÷ 741
100%
205 ÷ 541
100%
420 ÷ 1042
100%
84 ÷ 242
100%
168 ÷ 442
100%
336 ÷ 842
100%
462 ÷ 1142
100%
86 ÷ 243
100%
215 ÷ 543
100%
484 ÷ 1144
100%
450 ÷ 1045
100%
90 ÷ 245
100%
315 ÷ 745
100%
225 ÷ 545
100%
92 ÷ 246
100%
460 ÷ 1046
100%
282 ÷ 647
100%
376 ÷ 847
100%
517 ÷ 1147
100%
192 ÷ 448
100%
240 ÷ 548
100%
96 ÷ 248
100%
288 ÷ 648
100%
480 ÷ 1048
100%
576 ÷ 1248
100%
98 ÷ 249
100%
196 ÷ 449
100%
120 ÷ 245
100%
235 ÷ 475
100%
250 ÷ 505
100%
180 ÷ 365
100%
50 ÷ 105
100%
95 ÷ 195
100%
30 ÷ 65
100%
10 ÷ 25
100%
230 ÷ 465
100%
25 ÷ 55
100%
55 ÷ 115
100%
125 ÷ 255
100%
205 ÷ 415
100%
65 ÷ 135
100%
20 ÷ 45
100%
150 ÷ 305
100%
220 ÷ 445
100%
45 ÷ 95
100%
60 ÷ 125
100%
500 ÷ 1050
100%
300 ÷ 650
100%
150 ÷ 350
100%
400 ÷ 850
100%
204 ÷ 451
100%
306 ÷ 651
100%
153 ÷ 351
100%
561 ÷ 1151
100%
104 ÷ 252
100%
520 ÷ 1052
100%
212 ÷ 453
100%
106 ÷ 253
100%
216 ÷ 454
100%
540 ÷ 1054
100%
432 ÷ 854
100%
330 ÷ 655
100%
550 ÷ 1055
100%
275 ÷ 555
100%
116 ÷ 258
100%
295 ÷ 559
100%
354 ÷ 659
100%
531 ÷ 959
100%
590 ÷ 1059
100%
236 ÷ 459
100%
413 ÷ 759
100%
60 ÷ 106
100%
66 ÷ 116
100%
264 ÷ 446
100%
300 ÷ 506
100%
78 ÷ 136
100%
210 ÷ 356
100%
24 ÷ 46
100%
240 ÷ 406
100%
258 ÷ 436
100%
72 ÷ 126
100%
204 ÷ 346
100%
48 ÷ 86
100%
120 ÷ 206
100%
540 ÷ 960
100%
120 ÷ 260
100%
300 ÷ 560
100%
180 ÷ 360
100%
122 ÷ 261
100%
305 ÷ 561
100%
186 ÷ 362
100%
372 ÷ 662
100%
496 ÷ 862
100%
124 ÷ 262
100%
558 ÷ 962
100%
378 ÷ 663
100%
126 ÷ 263
100%
192 ÷ 364
100%
320 ÷ 564
100%
384 ÷ 664
100%
455 ÷ 765
100%
195 ÷ 365
100%
330 ÷ 566
100%
134 ÷ 267
100%
136 ÷ 268
100%
544 ÷ 868
100%
272 ÷ 468
100%
138 ÷ 269
100%
276 ÷ 469
100%
287 ÷ 417
100%
203 ÷ 297
100%
28 ÷ 47
100%
105 ÷ 157
100%
63 ÷ 97
100%
56 ÷ 87
100%
196 ÷ 287
100%
350 ÷ 507
100%
133 ÷ 197
100%
126 ÷ 187
100%
336 ÷ 487
100%
14 ÷ 27
100%
49 ÷ 77
100%
252 ÷ 367
100%
98 ÷ 147
100%
112 ÷ 167
100%
259 ÷ 377
100%
343 ÷ 497
100%
21 ÷ 37
100%
210 ÷ 370
100%
420 ÷ 670
100%
350 ÷ 570
100%
144 ÷ 272
100%
360 ÷ 572
100%
504 ÷ 772
100%
219 ÷ 373
100%
146 ÷ 273
100%
292 ÷ 473
100%
518 ÷ 774
100%
296 ÷ 474
100%
222 ÷ 374
100%
150 ÷ 275
100%
600 ÷ 875
100%
525 ÷ 775
100%
462 ÷ 677
100%
231 ÷ 377
100%
154 ÷ 277
100%
156 ÷ 278
100%
390 ÷ 578
100%
312 ÷ 478
100%
234 ÷ 378
100%
158 ÷ 279
100%
237 ÷ 379
100%
96 ÷ 128
100%
56 ÷ 78
100%
280 ÷ 358
100%
32 ÷ 48
100%
64 ÷ 88
100%
24 ÷ 38
100%
16 ÷ 28
100%
336 ÷ 428
100%
400 ÷ 508
100%
192 ÷ 248
100%
304 ÷ 388
100%
256 ÷ 328
100%
80 ÷ 108
100%
240 ÷ 380
100%
162 ÷ 281
100%
246 ÷ 382
100%
249 ÷ 383
100%
252 ÷ 384
100%
168 ÷ 284
100%
170 ÷ 285
100%
430 ÷ 586
100%
516 ÷ 686
100%
344 ÷ 486
100%
348 ÷ 487
100%
440 ÷ 588
100%
176 ÷ 288
100%
445 ÷ 589
100%
405 ÷ 459
100%
72 ÷ 89
100%
18 ÷ 29
100%
126 ÷ 149
100%
108 ÷ 129
100%
243 ÷ 279
100%
198 ÷ 229
100%
90 ÷ 109
100%
63 ÷ 79
100%
162 ÷ 189
100%
36 ÷ 49
100%
432 ÷ 489
100%
234 ÷ 269
100%
27 ÷ 39
100%
117 ÷ 139
100%
225 ÷ 259
100%
360 ÷ 409
100%
450 ÷ 590
100%
360 ÷ 490
100%
270 ÷ 390
100%
455 ÷ 591
100%
182 ÷ 291
100%
364 ÷ 491
100%
184 ÷ 292
100%
368 ÷ 492
100%
186 ÷ 293
100%
372 ÷ 493
100%
190 ÷ 295
100%
285 ÷ 395
100%
576 ÷ 696
100%
480 ÷ 596
100%
291 ÷ 397
100%
392 ÷ 498
100%
495 ÷ 599
100%
178 ÷ 289
88%
576 ÷ 3218
83%
374 ÷ 1722
83%
90 ÷ 330
83%
28 ÷ 281
80%
16 ÷ 161
80%
555 ÷ 5111
80%
488 ÷ 4122
80%
351 ÷ 2713
80%
340 ÷ 2017
80%
54 ÷ 318
80%
8 ÷ 42
80%
147 ÷ 721
80%
456 ÷ 2228
80%
600 ÷ 2524
80%
516 ÷ 2258
80%
48 ÷ 124
80%
430 ÷ 1043
80%
30 ÷ 56
80%
189 ÷ 363
80%
72 ÷ 98
80%
17 ÷ 171
75%
300 ÷ 3010
75%
180 ÷ 1810
75%
540 ÷ 5108
75%
460 ÷ 4115
75%
476 ÷ 4119
75%
546 ÷ 4213
75%
411 ÷ 3137
75%
588 ÷ 4214
75%
448 ÷ 3214
75%
102 ÷ 617
75%
372 ÷ 2186
75%
342 ÷ 1819
75%
418 ÷ 2219
75%
382 ÷ 2191
75%
384 ÷ 2192
75%
390 ÷ 2195
75%
520 ÷ 2620
75%
207 ÷ 923
75%
184 ÷ 823
75%
288 ÷ 1224
75%
192 ÷ 824
75%
120 ÷ 524
75%
72 ÷ 324
75%
480 ÷ 2240
75%
52 ÷ 226
75%
522 ÷ 2261
75%
54 ÷ 227
75%
448 ÷ 1628
75%
18 ÷ 63
75%
330 ÷ 1130
75%
204 ÷ 634
75%
68 ÷ 174
75%
410 ÷ 1041
75%
328 ÷ 841
75%
552 ÷ 1246
75%
144 ÷ 348
75%
100 ÷ 205
75%
100 ÷ 250
75%
560 ÷ 1056
75%
114 ÷ 257
75%
84 ÷ 146
75%
201 ÷ 367
75%
152 ÷ 276
75%
40 ÷ 58
75%
324 ÷ 369
75%
315 ÷ 359
75%
99 ÷ 119
75%
284 ÷ 471
71%
44 ÷ 441
67%
2 ÷ 21
67%
270 ÷ 2710
67%
200 ÷ 2010
67%
330 ÷ 3310
67%
310 ÷ 3110
67%
350 ÷ 3510
67%
600 ÷ 6100
67%
500 ÷ 5100
67%
412 ÷ 4103
67%
520 ÷ 5104
67%
535 ÷ 5107
67%
484 ÷ 4411
67%
121 ÷ 1111
67%
242 ÷ 2211
67%
456 ÷ 4114
67%
232 ÷ 2116
67%
595 ÷ 5119
67%
238 ÷ 2119
67%
120 ÷ 1012
67%
248 ÷ 2124
67%
500 ÷ 4125
67%
250 ÷ 2125
67%
390 ÷ 3013
67%
528 ÷ 4132
67%
405 ÷ 3135
67%
532 ÷ 3814
67%
286 ÷ 2143
67%
296 ÷ 2148
67%
375 ÷ 2515
67%
600 ÷ 4150
67%
302 ÷ 2151
67%
384 ÷ 2416
67%
48 ÷ 316
67%
480 ÷ 3160
67%
504 ÷ 3168
67%
119 ÷ 717
67%
510 ÷ 3170
67%
360 ÷ 2018
67%
57 ÷ 319
67%
386 ÷ 2193
67%
12 ÷ 62
67%
74 ÷ 372
67%
10 ÷ 52
67%
14 ÷ 72
67%
280 ÷ 1420
67%
140 ÷ 720
67%
600 ÷ 3200
67%
441 ÷ 2121
67%
315 ÷ 1521
67%
436 ÷ 2218
67%
458 ÷ 2229
67%
437 ÷ 1923
67%
368 ÷ 1623
67%
460 ÷ 2230
67%
425 ÷ 1725
67%
375 ÷ 1525
67%
104 ÷ 426
67%
243 ÷ 927
67%
378 ÷ 1427
67%
540 ÷ 2270
67%
544 ÷ 2272
67%
252 ÷ 928
67%
560 ÷ 2280
67%
574 ÷ 2287
67%
580 ÷ 2029
67%
493 ÷ 1729
67%
147 ÷ 493
67%
15 ÷ 53
67%
42 ÷ 143
67%
126 ÷ 423
67%
12 ÷ 43
67%
270 ÷ 930
67%
60 ÷ 230
67%
124 ÷ 431
67%
416 ÷ 1332
67%
66 ÷ 233
67%
429 ÷ 1333
67%
408 ÷ 1234
67%
68 ÷ 234
67%
144 ÷ 436
67%
576 ÷ 1636
67%
456 ÷ 1238
67%
228 ÷ 638
67%
390 ÷ 1039
67%
429 ÷ 1139
67%
104 ÷ 264
67%
92 ÷ 234
67%
252 ÷ 642
67%
129 ÷ 343
67%
180 ÷ 445
67%
135 ÷ 345
67%
138 ÷ 346
67%
188 ÷ 447
67%
94 ÷ 247
67%
539 ÷ 1149
67%
135 ÷ 275
67%
75 ÷ 155
67%
102 ÷ 251
67%
572 ÷ 1152
67%
159 ÷ 353
67%
168 ÷ 356
67%
280 ÷ 556
67%
348 ÷ 658
67%
522 ÷ 958
67%
118 ÷ 259
67%
126 ÷ 216
67%
310 ÷ 562
67%
128 ÷ 264
67%
204 ÷ 368
67%
308 ÷ 447
67%
70 ÷ 107
67%
189 ÷ 277
67%
119 ÷ 177
67%
280 ÷ 470
67%
490 ÷ 770
67%
370 ÷ 574
67%
300 ÷ 475
67%
450 ÷ 675
67%
385 ÷ 577
67%
384 ÷ 488
67%
200 ÷ 258
67%
224 ÷ 288
67%
160 ÷ 208
67%
120 ÷ 158
67%
296 ÷ 378
67%
272 ÷ 348
67%
400 ÷ 580
67%
486 ÷ 681
67%
328 ÷ 482
67%
166 ÷ 283
67%
336 ÷ 484
67%
306 ÷ 349
67%
180 ÷ 209
67%
171 ÷ 199
67%
450 ÷ 509
67%
153 ÷ 179
67%
546 ÷ 691
67%
564 ÷ 694
67%
396 ÷ 499
67%
297 ÷ 399
67%
407 ÷ 3711
60%
187 ÷ 1711
60%
468 ÷ 4117
60%
372 ÷ 3124
60%
477 ÷ 3159
60%
332 ÷ 2166
60%
78 ÷ 392
60%
556 ÷ 2278
60%
81 ÷ 273
60%
90 ÷ 185
60%
140 ÷ 285
60%
145 ÷ 295
60%
162 ÷ 354
60%
42 ÷ 67
60%
320 ÷ 480
60%
425 ÷ 585
60%
172 ÷ 286
60%
105 ÷ 715
57%
40 ÷ 401
50%
26 ÷ 261
50%
31 ÷ 311
50%
21 ÷ 211
50%
32 ÷ 321
50%
8 ÷ 81
50%
30 ÷ 301
50%
460 ÷ 4610
50%
90 ÷ 910
50%
240 ÷ 2410
50%
250 ÷ 2510
50%
200 ÷ 2100
50%
303 ÷ 3101
50%
420 ÷ 4105
50%
318 ÷ 3106
50%
212 ÷ 2106
50%
214 ÷ 2107
50%
432 ÷ 4108
50%
264 ÷ 2411
50%
77 ÷ 711
50%
275 ÷ 2511
50%
363 ÷ 3311
50%
154 ÷ 1411
50%
220 ÷ 2011
50%
418 ÷ 3811
50%
539 ÷ 4911
50%
374 ÷ 3411
50%
209 ÷ 1911
50%
440 ÷ 4110
50%
339 ÷ 3113
50%
345 ÷ 3115
50%
575 ÷ 5115
50%
580 ÷ 5116
50%
234 ÷ 2117
50%
236 ÷ 2118
50%
357 ÷ 3119
50%
516 ÷ 4312
50%
528 ÷ 4412
50%
564 ÷ 4712
50%
276 ÷ 2312
50%
192 ÷ 1612
50%
84 ÷ 712
50%
252 ÷ 2112
50%
360 ÷ 3120
50%
246 ÷ 2123
50%
252 ÷ 2126
50%
504 ÷ 4126
50%
381 ÷ 3127
50%
256 ÷ 2128
50%
598 ÷ 4613
50%
117 ÷ 913
50%
26 ÷ 213
50%
481 ÷ 3713
50%
338 ÷ 2613
50%
195 ÷ 1513
50%
559 ÷ 4313
50%
247 ÷ 1913
50%
182 ÷ 1314
50%
28 ÷ 214
50%
462 ÷ 3314
50%
84 ÷ 614
50%
98 ÷ 714
50%
504 ÷ 3614
50%
420 ÷ 3140
50%
576 ÷ 4144
50%
294 ÷ 2147
50%
592 ÷ 4148
50%
447 ÷ 3149
50%
345 ÷ 2315
50%
120 ÷ 815
50%
60 ÷ 415
50%
270 ÷ 1815
50%
462 ÷ 3154
50%
465 ÷ 3155
50%
318 ÷ 2159
50%
304 ÷ 1916
50%
256 ÷ 1616
50%
496 ÷ 3116
50%
336 ÷ 2116
50%
272 ÷ 1716
50%
64 ÷ 416
50%
128 ÷ 816
50%
320 ÷ 2160
50%
498 ÷ 3166
50%
391 ÷ 2317
50%
459 ÷ 2717
50%
306 ÷ 1817
50%
136 ÷ 817
50%
323 ÷ 1917
50%
36 ÷ 218
50%
468 ÷ 2618
50%
198 ÷ 1118
50%
594 ÷ 3318
50%
234 ÷ 1318
50%
252 ÷ 1418
50%
364 ÷ 2182
50%
549 ÷ 3183
50%
552 ÷ 3184
50%
368 ÷ 2184
50%
152 ÷ 819
50%
171 ÷ 919
50%
209 ÷ 1119
50%
532 ÷ 2819
50%
570 ÷ 3190
50%
588 ÷ 3196
50%
591 ÷ 3197
50%
394 ÷ 2197
50%
594 ÷ 3198
50%
50 ÷ 252
50%
80 ÷ 402
50%
16 ÷ 82
50%
34 ÷ 172
50%
480 ÷ 2420
50%
160 ÷ 820
50%
500 ÷ 2520
50%
240 ÷ 1220
50%
560 ÷ 2820
50%
600 ÷ 3020
50%
404 ÷ 2202
50%
416 ÷ 2208
50%
126 ÷ 621
50%
105 ÷ 521
50%
189 ÷ 921
50%
420 ÷ 2210
50%
422 ÷ 2211
50%
428 ÷ 2214
50%
308 ÷ 1422
50%
110 ÷ 522
50%
330 ÷ 1522
50%
506 ÷ 2322
50%
446 ÷ 2223
50%
506 ÷ 2223
50%
322 ÷ 1423
50%
253 ÷ 1123
50%
598 ÷ 2623
50%
460 ÷ 2023
50%
466 ÷ 2233
50%
470 ÷ 2235
50%
472 ÷ 2236
50%
478 ÷ 2239
50%
216 ÷ 924
50%
492 ÷ 2246
50%
100 ÷ 425
50%
250 ÷ 1025
50%
286 ÷ 1126
50%
390 ÷ 1526
50%
312 ÷ 1226
50%
182 ÷ 726
50%
520 ÷ 2260
50%
542 ÷ 2271
50%
554 ÷ 2277
50%
84 ÷ 328
50%
112 ÷ 428
50%
308 ÷ 1128
50%
336 ÷ 1228
50%
568 ÷ 2284
50%
174 ÷ 629
50%
203 ÷ 729
50%
588 ÷ 2294
50%
96 ÷ 323
50%
108 ÷ 363
50%
150 ÷ 503
50%
117 ÷ 393
50%
78 ÷ 263
50%
144 ÷ 483
50%
210 ÷ 730
50%
240 ÷ 830
50%
600 ÷ 2300
50%
589 ÷ 1931
50%
64 ÷ 232
50%
576 ÷ 1832
50%
594 ÷ 1833
50%
561 ÷ 1733
50%
495 ÷ 1533
50%
528 ÷ 1633
50%
442 ÷ 1334
50%
102 ÷ 334
50%
385 ÷ 1135
50%
350 ÷ 1035
50%
595 ÷ 1735
50%
560 ÷ 1635
50%
72 ÷ 236
50%
540 ÷ 1536
50%
152 ÷ 438
50%
532 ÷ 1438
50%
468 ÷ 1239
50%
192 ÷ 484
50%
140 ÷ 354
50%
96 ÷ 244
50%
160 ÷ 404
50%
360 ÷ 940
50%
574 ÷ 1441
50%
546 ÷ 1342
50%
126 ÷ 342
50%
572 ÷ 1344
50%
264 ÷ 644
50%
132 ÷ 344
50%
329 ÷ 747
50%
432 ÷ 948
50%
245 ÷ 549
50%
35 ÷ 75
50%
195 ÷ 395
50%
245 ÷ 495
50%
85 ÷ 175
50%
225 ÷ 455
50%
200 ÷ 405
50%
450 ÷ 950
50%
550 ÷ 1150
50%
600 ÷ 1250
50%
459 ÷ 951
50%
357 ÷ 751
50%
408 ÷ 851
50%
495 ÷ 955
50%
228 ÷ 457
50%
464 ÷ 858
50%
290 ÷ 558
50%
177 ÷ 359
50%
288 ÷ 486
50%
156 ÷ 266
50%
12 ÷ 26
50%
162 ÷ 276
50%
192 ÷ 326
50%
144 ÷ 246
50%
360 ÷ 660
50%
240 ÷ 460
50%
480 ÷ 860
50%
549 ÷ 961
50%
366 ÷ 661
50%
248 ÷ 462
50%
434 ÷ 762
50%
256 ÷ 464
50%
260 ÷ 465
50%
130 ÷ 265
50%
264 ÷ 466
50%
469 ÷ 767
50%
536 ÷ 867
50%
476 ÷ 768
50%
414 ÷ 669
50%
217 ÷ 317
50%
35 ÷ 57
50%
84 ÷ 127
50%
245 ÷ 357
50%
142 ÷ 271
50%
432 ÷ 672
50%
444 ÷ 674
50%
532 ÷ 776
50%
380 ÷ 576
50%
228 ÷ 376
50%
546 ÷ 778
50%
474 ÷ 679
50%
104 ÷ 138
50%
368 ÷ 468
50%
360 ÷ 458
50%
88 ÷ 118
50%
144 ÷ 188
50%
480 ÷ 680
50%
160 ÷ 280
50%
164 ÷ 282
50%
332 ÷ 483
50%
588 ÷ 784
50%
504 ÷ 684
50%
510 ÷ 685
50%
174 ÷ 287
50%
267 ÷ 389
50%
333 ÷ 379
50%
342 ÷ 389
50%
144 ÷ 169
50%
279 ÷ 319
50%
297 ÷ 339
50%
288 ÷ 329
50%
189 ÷ 219
50%
387 ÷ 439
50%
279 ÷ 393
50%
380 ÷ 495
50%
388 ÷ 497
50%
573 ÷ 3191
43%
396 ÷ 3611
40%
348 ÷ 2174
40%
531 ÷ 3177
40%
247 ÷ 1319
40%
552 ÷ 2324
40%
325 ÷ 1325
40%
200 ÷ 504
40%
574 ÷ 782
40%
42 ÷ 421
33%
260 ÷ 2610
33%
550 ÷ 5011
33%
464 ÷ 4116
33%
432 ÷ 3612
33%
384 ÷ 3212
33%
96 ÷ 812
33%
516 ÷ 4129
33%
494 ÷ 3813
33%
442 ÷ 3413
33%
552 ÷ 4138
33%
574 ÷ 4114
33%
392 ÷ 2814
33%
224 ÷ 1614
33%
432 ÷ 3144
33%
290 ÷ 2145
33%
588 ÷ 4147
33%
540 ÷ 3615
33%
225 ÷ 1515
33%
450 ÷ 3015
33%
474 ÷ 3158
33%
592 ÷ 3716
33%
483 ÷ 3161
33%
414 ÷ 2318
33%
543 ÷ 3181
33%
555 ÷ 3185
33%
564 ÷ 3188
33%
513 ÷ 2719
33%
494 ÷ 2619
33%
398 ÷ 2199
33%
360 ÷ 1820
33%
120 ÷ 620
33%
406 ÷ 2203
33%
588 ÷ 2821
33%
176 ÷ 822
33%
391 ÷ 1723
33%
496 ÷ 2248
33%
525 ÷ 2125
33%
514 ÷ 2257
33%
405 ÷ 1527
33%
548 ÷ 2274
33%
420 ÷ 1528
33%
51 ÷ 173
33%
87 ÷ 293
33%
403 ÷ 1331
33%
434 ÷ 1431
33%
384 ÷ 1232
33%
363 ÷ 1133
33%
272 ÷ 834
33%
238 ÷ 734
33%
296 ÷ 837
33%
76 ÷ 238
33%
172 ÷ 434
33%
240 ÷ 640
33%
123 ÷ 341
33%
559 ÷ 1343
33%
344 ÷ 843
33%
396 ÷ 944
33%
308 ÷ 744
33%
405 ÷ 945
33%
184 ÷ 446
33%
235 ÷ 547
33%
343 ÷ 749
33%
147 ÷ 349
33%
441 ÷ 949
33%
110 ÷ 225
33%
416 ÷ 852
33%
530 ÷ 1053
33%
371 ÷ 753
33%
270 ÷ 554
33%
165 ÷ 355
33%
336 ÷ 656
33%
570 ÷ 1057
33%
174 ÷ 358
33%
132 ÷ 226
33%
252 ÷ 426
33%
228 ÷ 386
33%
96 ÷ 166
33%
282 ÷ 476
33%
420 ÷ 760
33%
244 ÷ 461
33%
567 ÷ 963
33%
252 ÷ 463
33%
132 ÷ 266
33%
528 ÷ 866
33%
154 ÷ 227
33%
48 ÷ 68
33%
352 ÷ 448
33%
264 ÷ 338
33%
581 ÷ 783
33%
352 ÷ 488
33%
528 ÷ 688
33%
216 ÷ 249
33%
207 ÷ 239
33%
369 ÷ 419
33%
180 ÷ 290
33%
470 ÷ 594
33%
475 ÷ 595
33%
384 ÷ 496
33%
582 ÷ 697
33%
490 ÷ 598
33%
594 ÷ 699
33%
294 ÷ 1421
29%
351 ÷ 1327
29%
527 ÷ 1731
29%
530 ÷ 5106
25%
319 ÷ 2911
25%
468 ÷ 3912
25%
377 ÷ 2913
25%
299 ÷ 2313
25%
403 ÷ 3113
25%
548 ÷ 4137
25%
168 ÷ 1214
25%
420 ÷ 2815
25%
315 ÷ 2115
25%
464 ÷ 2916
25%
289 ÷ 1717
25%
442 ÷ 2617
25%
579 ÷ 3193
25%
585 ÷ 3195
25%
336 ÷ 1621
25%
252 ÷ 1221
25%
286 ÷ 1322
25%
475 ÷ 1925
25%
364 ÷ 1426
25%
140 ÷ 528
25%
504 ÷ 1828
25%
406 ÷ 1429
25%
111 ÷ 373
25%
510 ÷ 1730
25%
490 ÷ 1435
25%
100 ÷ 254
25%
495 ÷ 1145
25%
270 ÷ 645
25%
414 ÷ 946
25%
472 ÷ 859
25%
186 ÷ 316
25%
504 ÷ 863
25%
585 ÷ 965
25%
288 ÷ 472
25%
248 ÷ 318
25%
128 ÷ 168
25%
344 ÷ 438
25%
567 ÷ 781
25%
528 ÷ 3316
20%
570 ÷ 1930
20%
512 ÷ 1632
20%
384 ÷ 848
20%
175 ÷ 355
20%
576 ÷ 964
20%
448 ÷ 764
20%
340 ÷ 568
20%
395 ÷ 579
20%
598 ÷ 1346
14%
3 ÷ 31
0%
6 ÷ 61
0%
50 ÷ 501
0%
5 ÷ 51
0%
19 ÷ 191
0%
100 ÷ 1001
0%
49 ÷ 491
0%
4 ÷ 41
0%
47 ÷ 471
0%
27 ÷ 271
0%
470 ÷ 4710
0%
450 ÷ 4510
0%
390 ÷ 3910
0%
360 ÷ 3610
0%
340 ÷ 3410
0%
440 ÷ 4410
0%
160 ÷ 1610
0%
280 ÷ 2810
0%
370 ÷ 3710
0%
410 ÷ 4110
0%
210 ÷ 2110
0%
400 ÷ 4010
0%
300 ÷ 3100
0%
202 ÷ 2101
0%
306 ÷ 3102
0%
515 ÷ 5103
0%
309 ÷ 3103
0%
416 ÷ 4104
0%
525 ÷ 5105
0%
424 ÷ 4106
0%
324 ÷ 3108
0%
216 ÷ 2108
0%
528 ÷ 4811
0%
55 ÷ 511
0%
176 ÷ 1611
0%
198 ÷ 1811
0%
451 ÷ 4111
0%
308 ÷ 2811
0%
132 ÷ 1211
0%
517 ÷ 4711
0%
495 ÷ 4511
0%
253 ÷ 2311
0%
462 ÷ 4211
0%
473 ÷ 4311
0%
385 ÷ 3511
0%
429 ÷ 3911
0%
66 ÷ 611
0%
44 ÷ 411
0%
565 ÷ 5113
0%
342 ÷ 3114
0%
570 ÷ 5114
0%
585 ÷ 5117
0%
351 ÷ 3117
0%
354 ÷ 3118
0%
590 ÷ 5118
0%
472 ÷ 4118
0%
288 ÷ 2412
0%
480 ÷ 4012
0%
156 ÷ 1312
0%
48 ÷ 412
0%
216 ÷ 1812
0%
228 ÷ 1912
0%
324 ÷ 2712
0%
204 ÷ 1712
0%
600 ÷ 5012
0%
540 ÷ 4512
0%
360 ÷ 3012
0%
408 ÷ 3412
0%
588 ÷ 4912
0%
108 ÷ 912
0%
420 ÷ 3512
0%
312 ÷ 2612
0%
372 ÷ 3112
0%
552 ÷ 4612
0%
492 ÷ 4112
0%
363 ÷ 3121
0%
366 ÷ 3122
0%
369 ÷ 3123
0%
492 ÷ 4123
0%
496 ÷ 4124
0%
378 ÷ 3126
0%
508 ÷ 4127
0%
384 ÷ 3128
0%
512 ÷ 4128
0%
258 ÷ 2129
0%
507 ÷ 3913
0%
364 ÷ 2813
0%
143 ÷ 1113
0%
221 ÷ 1713
0%
585 ÷ 4513
0%
468 ÷ 3613
0%
234 ÷ 1813
0%
520 ÷ 4013
0%
208 ÷ 1613
0%
572 ÷ 4413
0%
104 ÷ 813
0%
325 ÷ 2513
0%
312 ÷ 2413
0%
393 ÷ 3131
0%
524 ÷ 4131
0%
264 ÷ 2132
0%
532 ÷ 4133
0%
536 ÷ 4134
0%
540 ÷ 4135
0%
272 ÷ 2136
0%
274 ÷ 2137
0%
414 ÷ 3138
0%
556 ÷ 4139
0%
417 ÷ 3139
0%
364 ÷ 2614
0%
42 ÷ 314
0%
238 ÷ 1714
0%
476 ÷ 3414
0%
336 ÷ 2414
0%
406 ÷ 2914
0%
518 ÷ 3714
0%
294 ÷ 2114
0%
420 ÷ 3014
0%
280 ÷ 2014
0%
350 ÷ 2514
0%
252 ÷ 1814
0%
322 ÷ 2314
0%
560 ÷ 4014
0%
490 ÷ 3514
0%
196 ÷ 1414
0%
126 ÷ 914
0%
266 ÷ 1914
0%
546 ÷ 3914
0%
560 ÷ 4140
0%
564 ÷ 4141
0%
568 ÷ 4142
0%
426 ÷ 3142
0%
572 ÷ 4143
0%
429 ÷ 3143
0%
584 ÷ 4146
0%
438 ÷ 3146
0%
298 ÷ 2149
0%
135 ÷ 915
0%
585 ÷ 3915
0%
510 ÷ 3415
0%
570 ÷ 3815
0%
240 ÷ 1615
0%
180 ÷ 1215
0%
285 ÷ 1915
0%
480 ÷ 3215
0%
75 ÷ 515
0%
300 ÷ 2015
0%
255 ÷ 1715
0%
195 ÷ 1315
0%
45 ÷ 315
0%
459 ÷ 3153
0%
468 ÷ 3156
0%
471 ÷ 3157
0%
316 ÷ 2158
0%
448 ÷ 2816
0%
544 ÷ 3416
0%
368 ÷ 2316
0%
176 ÷ 1116
0%
416 ÷ 2616
0%
80 ÷ 516
0%
144 ÷ 916
0%
576 ÷ 3616
0%
224 ÷ 1416
0%
352 ÷ 2216
0%
208 ÷ 1316
0%
560 ÷ 3516
0%
432 ÷ 2716
0%
96 ÷ 616
0%
288 ÷ 1816
0%
324 ÷ 2162
0%
489 ÷ 3163
0%
495 ÷ 3165
0%
330 ÷ 2165
0%
501 ÷ 3167
0%
338 ÷ 2169
0%
527 ÷ 3117
0%
238 ÷ 1417
0%
544 ÷ 3217
0%
510 ÷ 3017
0%
408 ÷ 2417
0%
476 ÷ 2817
0%
204 ÷ 1217
0%
374 ÷ 2217
0%
561 ÷ 3317
0%
153 ÷ 917
0%
272 ÷ 1617
0%
578 ÷ 3417
0%
493 ÷ 2917
0%
425 ÷ 2517
0%
221 ÷ 1317
0%
68 ÷ 417
0%
357 ÷ 2117
0%
595 ÷ 3517
0%
187 ÷ 1117
0%
34 ÷ 217
0%
513 ÷ 3171
0%
519 ÷ 3173
0%
522 ÷ 3174
0%
525 ÷ 3175
0%
528 ÷ 3176
0%
354 ÷ 2177
0%
534 ÷ 3178
0%
537 ÷ 3179
0%
540 ÷ 3018
0%
378 ÷ 2118
0%
486 ÷ 2718
0%
288 ÷ 1618
0%
162 ÷ 918
0%
432 ÷ 2418
0%
342 ÷ 1918
0%
504 ÷ 2818
0%
216 ÷ 1218
0%
144 ÷ 818
0%
306 ÷ 1718
0%
396 ÷ 2218
0%
558 ÷ 3118
0%
540 ÷ 3180
0%
546 ÷ 3182
0%
366 ÷ 2183
0%
370 ÷ 2185
0%
558 ÷ 3186
0%
561 ÷ 3187
0%
567 ÷ 3189
0%
38 ÷ 219
0%
380 ÷ 2019
0%
323 ÷ 1719
0%
95 ÷ 519
0%
133 ÷ 719
0%
475 ÷ 2519
0%
570 ÷ 3019
0%
228 ÷ 1219
0%
361 ÷ 1919
0%
551 ÷ 2919
0%
589 ÷ 3119
0%
76 ÷ 419
0%
190 ÷ 1019
0%
114 ÷ 619
0%
576 ÷ 3192
0%
392 ÷ 2196
0%
396 ÷ 2198
0%
64 ÷ 322
0%
60 ÷ 302
0%
58 ÷ 292
0%
26 ÷ 132
0%
100 ÷ 502
0%
46 ÷ 232
0%
86 ÷ 432
0%
6 ÷ 32
0%
68 ÷ 342
0%
98 ÷ 492
0%
52 ÷ 262
0%
72 ÷ 362
0%
28 ÷ 142
0%
90 ÷ 452
0%
48 ÷ 242
0%
92 ÷ 462
0%
94 ÷ 472
0%
420 ÷ 2120
0%
580 ÷ 2920
0%
260 ÷ 1320
0%
100 ÷ 520
0%
402 ÷ 2201
0%
412 ÷ 2206
0%
504 ÷ 2421
0%
231 ÷ 1121
0%
357 ÷ 1721
0%
462 ÷ 2221
0%
273 ÷ 1321
0%
483 ÷ 2321
0%
378 ÷ 1821
0%
546 ÷ 2621
0%
430 ÷ 2215
0%
594 ÷ 2722
0%
242 ÷ 1122
0%
484 ÷ 2222
0%
132 ÷ 622
0%
264 ÷ 1222
0%
352 ÷ 1622
0%
154 ÷ 722
0%
444 ÷ 2222
0%
552 ÷ 2423
0%
345 ÷ 1523
0%
161 ÷ 723
0%
230 ÷ 1023
0%
483 ÷ 2123
0%
414 ÷ 1823
0%
529 ÷ 2323
0%
92 ÷ 423
0%
138 ÷ 623
0%
575 ÷ 2523
0%
462 ÷ 2231
0%
474 ÷ 2237
0%
476 ÷ 2238
0%
96 ÷ 424
0%
312 ÷ 1324
0%
336 ÷ 1424
0%
408 ÷ 1724
0%
384 ÷ 1624
0%
456 ÷ 1924
0%
264 ÷ 1124
0%
528 ÷ 2224
0%
360 ÷ 1524
0%
432 ÷ 1824
0%
484 ÷ 2242
0%
490 ÷ 2245
0%
494 ÷ 2247
0%
275 ÷ 1125
0%
600 ÷ 2425
0%
575 ÷ 2325
0%
300 ÷ 1225
0%
350 ÷ 1425
0%
450 ÷ 1825
0%
400 ÷ 1625
0%
550 ÷ 2225
0%
502 ÷ 2251
0%
506 ÷ 2253
0%
508 ÷ 2254
0%
442 ÷ 1726
0%
468 ÷ 1826
0%
598 ÷ 2326
0%
572 ÷ 2226
0%
260 ÷ 1026
0%
416 ÷ 1626
0%
524 ÷ 2262
0%
526 ÷ 2263
0%
536 ÷ 2268
0%
538 ÷ 2269
0%
324 ÷ 1227
0%
162 ÷ 627
0%
297 ÷ 1127
0%
594 ÷ 2227
0%
270 ÷ 1027
0%
540 ÷ 2027
0%
567 ÷ 2127
0%
432 ÷ 1627
0%
108 ÷ 427
0%
135 ÷ 527
0%
486 ÷ 1827
0%
546 ÷ 2273
0%
532 ÷ 1928
0%
168 ÷ 628
0%
196 ÷ 728
0%
476 ÷ 1728
0%
560 ÷ 2028
0%
56 ÷ 228
0%
392 ÷ 1428
0%
576 ÷ 2288
0%
578 ÷ 2289
0%
261 ÷ 929
0%
145 ÷ 529
0%
551 ÷ 1929
0%
232 ÷ 829
0%
464 ÷ 1629
0%
377 ÷ 1329
0%
348 ÷ 1229
0%
522 ÷ 1829
0%
582 ÷ 2291
0%
584 ÷ 2292
0%
590 ÷ 2295
0%
594 ÷ 2297
0%
27 ÷ 93
0%
21 ÷ 73
0%
93 ÷ 313
0%
84 ÷ 283
0%
138 ÷ 463
0%
45 ÷ 153
0%
24 ÷ 83
0%
114 ÷ 383
0%
123 ÷ 413
0%
90 ÷ 303
0%
132 ÷ 443
0%
540 ÷ 1830
0%
300 ÷ 1030
0%
360 ÷ 1230
0%
62 ÷ 231
0%
465 ÷ 1531
0%
279 ÷ 931
0%
558 ÷ 1831
0%
217 ÷ 731
0%
372 ÷ 1231
0%
496 ÷ 1631
0%
320 ÷ 1032
0%
448 ÷ 1432
0%
224 ÷ 732
0%
544 ÷ 1732
0%
256 ÷ 832
0%
288 ÷ 932
0%
462 ÷ 1433
0%
396 ÷ 1233
0%
165 ÷ 533
0%
578 ÷ 1734
0%
170 ÷ 534
0%
544 ÷ 1634
0%
510 ÷ 1534
0%
306 ÷ 934
0%
476 ÷ 1434
0%
136 ÷ 434
0%
140 ÷ 435
0%
245 ÷ 735
0%
455 ÷ 1335
0%
105 ÷ 335
0%
315 ÷ 935
0%
210 ÷ 635
0%
175 ÷ 535
0%
525 ÷ 1535
0%
420 ÷ 1235
0%
280 ÷ 835
0%
468 ÷ 1336
0%
148 ÷ 437
0%
333 ÷ 937
0%
111 ÷ 337
0%
259 ÷ 737
0%
481 ÷ 1337
0%
518 ÷ 1437
0%
444 ÷ 1237
0%
592 ÷ 1637
0%
555 ÷ 1537
0%
222 ÷ 637
0%
114 ÷ 338
0%
304 ÷ 838
0%
418 ÷ 1138
0%
494 ÷ 1338
0%
190 ÷ 538
0%
266 ÷ 738
0%
570 ÷ 1538
0%
342 ÷ 938
0%
351 ÷ 939
0%
585 ÷ 1539
0%
507 ÷ 1339
0%
312 ÷ 839
0%
195 ÷ 539
0%
117 ÷ 339
0%
546 ÷ 1439
0%
136 ÷ 344
0%
148 ÷ 374
0%
188 ÷ 474
0%
164 ÷ 414
0%
144 ÷ 364
0%
156 ÷ 394
0%
184 ÷ 464
0%
128 ÷ 324
0%
132 ÷ 334
0%
124 ÷ 314
0%
168 ÷ 424
0%
176 ÷ 444
0%
116 ÷ 294
0%
152 ÷ 384
0%
440 ÷ 1140
0%
600 ÷ 1540
0%
520 ÷ 1340
0%
533 ÷ 1341
0%
451 ÷ 1141
0%
378 ÷ 942
0%
504 ÷ 1242
0%
588 ÷ 1442
0%
210 ÷ 542
0%
294 ÷ 742
0%
516 ÷ 1243
0%
301 ÷ 743
0%
258 ÷ 643
0%
172 ÷ 443
0%
473 ÷ 1143
0%
387 ÷ 943
0%
528 ÷ 1244
0%
440 ÷ 1044
0%
176 ÷ 444
0%
352 ÷ 844
0%
88 ÷ 244
0%
220 ÷ 544
0%
360 ÷ 845
0%
540 ÷ 1245
0%
585 ÷ 1345
0%
506 ÷ 1146
0%
230 ÷ 546
0%
322 ÷ 746
0%
368 ÷ 846
0%
276 ÷ 646
0%
423 ÷ 947
0%
470 ÷ 1047
0%
141 ÷ 347
0%
564 ÷ 1247
0%
528 ÷ 1148
0%
336 ÷ 748
0%
490 ÷ 1049
0%
588 ÷ 1249
0%
392 ÷ 849
0%
294 ÷ 649
0%
105 ÷ 215
0%
215 ÷ 435
0%
160 ÷ 325
0%
185 ÷ 375
0%
190 ÷ 385
0%
80 ÷ 165
0%
155 ÷ 315
0%
130 ÷ 265
0%
210 ÷ 425
0%
70 ÷ 145
0%
15 ÷ 35
0%
40 ÷ 85
0%
115 ÷ 235
0%
170 ÷ 345
0%
165 ÷ 335
0%
240 ÷ 485
0%
250 ÷ 550
0%
350 ÷ 750
0%
200 ÷ 450
0%
255 ÷ 551
0%
510 ÷ 1051
0%
312 ÷ 652
0%
468 ÷ 952
0%
156 ÷ 352
0%
364 ÷ 752
0%
260 ÷ 552
0%
208 ÷ 452
0%
424 ÷ 853
0%
477 ÷ 953
0%
265 ÷ 553
0%
583 ÷ 1153
0%
318 ÷ 653
0%
486 ÷ 954
0%
324 ÷ 654
0%
108 ÷ 254
0%
378 ÷ 754
0%
594 ÷ 1154
0%
385 ÷ 755
0%
440 ÷ 855
0%
220 ÷ 455
0%
110 ÷ 255
0%
504 ÷ 956
0%
448 ÷ 856
0%
224 ÷ 456
0%
112 ÷ 256
0%
392 ÷ 756
0%
399 ÷ 757
0%
171 ÷ 357
0%
342 ÷ 657
0%
513 ÷ 957
0%
456 ÷ 857
0%
285 ÷ 557
0%
232 ÷ 458
0%
580 ÷ 1058
0%
406 ÷ 758
0%
174 ÷ 296
0%
36 ÷ 66
0%
222 ÷ 376
0%
102 ÷ 176
0%
90 ÷ 156
0%
42 ÷ 76
0%
168 ÷ 286
0%
150 ÷ 256
0%
108 ÷ 186
0%
234 ÷ 396
0%
138 ÷ 236
0%
276 ÷ 466
0%
180 ÷ 306
0%
246 ÷ 416
0%
198 ÷ 336
0%
270 ÷ 456
0%
294 ÷ 496
0%
216 ÷ 366
0%
18 ÷ 36
0%
114 ÷ 196
0%
54 ÷ 96
0%
600 ÷ 1060
0%
488 ÷ 861
0%
183 ÷ 361
0%
427 ÷ 761
0%
441 ÷ 763
0%
315 ÷ 563
0%
512 ÷ 864
0%
390 ÷ 665
0%
520 ÷ 865
0%
325 ÷ 565
0%
462 ÷ 766
0%
396 ÷ 666
0%
198 ÷ 366
0%
594 ÷ 966
0%
335 ÷ 567
0%
268 ÷ 467
0%
402 ÷ 667
0%
408 ÷ 668
0%
552 ÷ 869
0%
483 ÷ 769
0%
345 ÷ 569
0%
207 ÷ 369
0%
224 ÷ 327
0%
301 ÷ 437
0%
140 ÷ 207
0%
294 ÷ 427
0%
168 ÷ 247
0%
280 ÷ 407
0%
315 ÷ 457
0%
322 ÷ 467
0%
238 ÷ 347
0%
210 ÷ 307
0%
77 ÷ 117
0%
273 ÷ 397
0%
182 ÷ 267
0%
175 ÷ 257
0%
266 ÷ 387
0%
231 ÷ 337
0%
91 ÷ 137
0%
329 ÷ 477
0%
161 ÷ 237
0%
147 ÷ 217
0%
560 ÷ 870
0%
140 ÷ 270
0%
355 ÷ 571
0%
568 ÷ 871
0%
426 ÷ 671
0%
497 ÷ 771
0%
213 ÷ 371
0%
576 ÷ 872
0%
216 ÷ 372
0%
584 ÷ 873
0%
438 ÷ 673
0%
365 ÷ 573
0%
511 ÷ 773
0%
592 ÷ 874
0%
148 ÷ 274
0%
375 ÷ 575
0%
225 ÷ 375
0%
456 ÷ 676
0%
304 ÷ 476
0%
308 ÷ 477
0%
539 ÷ 777
0%
468 ÷ 678
0%
316 ÷ 479
0%
553 ÷ 779
0%
168 ÷ 218
0%
184 ÷ 238
0%
176 ÷ 228
0%
288 ÷ 368
0%
112 ÷ 148
0%
320 ÷ 408
0%
328 ÷ 418
0%
312 ÷ 398
0%
208 ÷ 268
0%
392 ÷ 498
0%
136 ÷ 178
0%
216 ÷ 278
0%
240 ÷ 308
0%
152 ÷ 198
0%
232 ÷ 298
0%
376 ÷ 478
0%
560 ÷ 780
0%
243 ÷ 381
0%
324 ÷ 481
0%
405 ÷ 581
0%
492 ÷ 682
0%
410 ÷ 582
0%
415 ÷ 583
0%
498 ÷ 683
0%
420 ÷ 584
0%
340 ÷ 485
0%
595 ÷ 785
0%
255 ÷ 385
0%
258 ÷ 386
0%
261 ÷ 387
0%
522 ÷ 687
0%
435 ÷ 587
0%
264 ÷ 388
0%
356 ÷ 489
0%
534 ÷ 689
0%
423 ÷ 479
0%
135 ÷ 159
0%
261 ÷ 299
0%
414 ÷ 469
0%
396 ÷ 449
0%
54 ÷ 69
0%
378 ÷ 429
0%
441 ÷ 499
0%
270 ÷ 309
0%
81 ÷ 99
0%
351 ÷ 399
0%
252 ÷ 289
0%
45 ÷ 59
0%
540 ÷ 690
0%
273 ÷ 391
0%
552 ÷ 692
0%
460 ÷ 592
0%
276 ÷ 392
0%
558 ÷ 693
0%
465 ÷ 593
0%
376 ÷ 494
0%
188 ÷ 294
0%
282 ÷ 394
0%
570 ÷ 695
0%
288 ÷ 396
0%
192 ÷ 296
0%
485 ÷ 597
0%
194 ÷ 297
0%
588 ÷ 698
0%
294 ÷ 398
0%
196 ÷ 298
0%
198 ÷ 299
0%

Distribución de puntuación

Porcentaje por número respondido

Porcentaje de gente con cada puntuación

Historial de tus puntuaciones

No has intentado esta prueba.